Central Library OPAC University of Rajshahi

Science policy and the university / (Record no. 7861)

MARC details
000 -LEADER
fixed length control field 01176cam a22003131 4500
001 - CONTROL NUMBER
control field 7861
003 - CONTROL NUMBER IDENTIFIER
rucl marc code BD-RjUL
005 - DATE AND TIME OF LATEST TRANSACTION
control field 20211208234504.0
008 - FIXED-LENGTH DATA ELEMENTS--GENERAL INFORMATION
fixed length control field 140116r1969 dcu b 101 0 eng
035 ## - SYSTEM CONTROL NUMBER
System control number (BD-RjUL)7905
040 ## - CATALOGING SOURCE
Original cataloging agency DLC
Transcribing agency DLC
Modifying agency DLC
-- BD-RjUL
Language of cataloging eng
041 ## - LANGUAGE CODE
Language code of text/sound track or separate title eng
082 00 - DEWEY DECIMAL CLASSIFICATION NUMBER
Classification number 353.0085
Author mark and year SCI 1969
245 00 - TITLE STATEMENT
Title Science policy and the university /
Statement of responsibility, etc. Harold Orlans, ed. Contributors: Christian K. Arnold [and others]
260 ## - PUBLICATION, DISTRIBUTION, ETC. (IMPRINT)
Place of publication, distribution, etc. Washington :
Name of publisher, distributor, etc. Brookings Institution ,
Date of publication, distribution, etc. c1968 [ 2nd. Pri. 1969].
300 ## - PHYSICAL DESCRIPTION
Pagination ix, 352 p. ;
Size 23 cm.
350 ## - PRICE (NR) (BK AM CF MU VM SE) [OBSOLETE]
Price $7.50
500 ## - GENERAL NOTE
General note Ten of the 14 papers included were presented at the annual seminars on science, technology, and public policy sponsored by the Brookings Institution in 1964 and 1965.
504 ## - BIBLIOGRAPHY, ETC. NOTE
Bibliography, etc Bibliographical footnotes and index.
650 #0 - SUBJECT ADDED ENTRY--TOPICAL TERM
Topical term or geographic name as entry element Science and state
Geographic subdivision United States.
9 (RLIN) 24150
Topical term or geographic name as entry element Research
Geographic subdivision United States.
9 (RLIN) 24524
651 #0 - SUBJECT ADDED ENTRY--GEOGRAPHIC NAME
Geographic name United States
General subdivision Cultural policy.
9 (RLIN) 24525
700 1# - ADDED ENTRY--PERSONAL NAME
Personal name Orlans, Harold,
Dates associated with a name 1921-
Relator term ed.
Personal name Arnold, Christian K.
710 2# - ADDED ENTRY--CORPORATE NAME
Corporate name or jurisdiction name as entry element Brookings Institution.
9 (RLIN) 24528
942 ## - ADDED ENTRY ELEMENTS (KOHA)
Source of classification or shelving scheme Dewey Decimal Classification
Koha item type Books
Holdings
Lost status Source of classification or shelving scheme Damaged status Not for loan Collection code Permanent Location Current Location Shelving location Date acquired Source of acquisition Cost, normal purchase price Total Checkouts Full call number Date last seen Copy number Koha item type
  Dewey Decimal Classification   Not For Loan Non-fiction Central Library, University of Rajshahi Central Library, University of Rajshahi   21/11/1970 Swets + Zetlinger 72.00   353.0085 SCI 1969 16/01/2014 C-1 Books